Aspects of english prununciation : Učebnice anglické výslovnosti /
Gespeichert in:
| 1. Verfasser: | |
|---|---|
| Format: | Buch |
| Sprache: | Englisch |
| Veröffentlicht: |
Havlíčkův Brod :
Fragment,
1997
|
| Tags: |
Keine Tags, Fügen Sie das erste Tag hinzu!
|
MARC
| LEADER | 00000nam a22000003a 4500 | ||
|---|---|---|---|
| 001 | stu30649 | ||
| 005 | 20150617225701.5 | ||
| 008 | 980127s1997----cs------------------eng-d | ||
| 020 | |a 80-7200-093-4 | ||
| 040 | |a STU |b slo | ||
| 041 | 0 | |a eng | |
| 044 | |a cs | ||
| 080 | |a 801.15(075)=20 |7 stu_us_auth*stu13320 | ||
| 100 | 1 | |a Plavka, Rudolf |4 aut | |
| 245 | 1 | |a Aspects of english prununciation : |b Učebnice anglické výslovnosti / |c [aut]Plavka,Rudolf | |
| 260 | |a Havlíčkův Brod : |b Fragment, |c 1997 | ||
| 300 | |a 123 s | ||
| 996 | |b 284V028617 |c V*45256/O-19831 |l VVT |s A |a 24 |w stu30649_0001 | ||
| 996 | |b 284V007864 |c V*45257/O-19831a |l VVS |s A |a 24 |w stu30649_0002 | ||